000 01130nam a22002057a 4500
999 _c6850
_d6850
003 AR-CdUCM
008 190319b ||||| |||| 00| 0 spa d
040 _aMUNICIPALIDAD PROVINCIAL DEL CUSCO
_cBIBLIOTECA MUNICIPAL DEL CUSCO
082 _a621.385 /
_bT17
100 _aTalley ,David
_919297
245 _aCurso Basico de Sistemas Conmutadores Telefonicos /
260 _aMéxico :
_bGLEM S.A ,
_c1974.
300 _a193 páginas ;
_c23.2 cm.
505 _aContenido : Abonado circuito de linea de señalizacion del transmisor de relay de linea de alarmas primarias y secundarias -- Alimentacionm fuentes de alternador de tonos -- Ancho de Banda -- Aparato Telefonico -- Aparicion -- Atenuacion -- Bateria Central -- Bateria Comun -- Bateria de conversacion -- Bateria de resistencia negativa -- Bateria Inversa -- Bateria- Tierra, señalizacion por bobina de induccion -- Bobina de retardo -- Bobina repetidora -- Cable de conexion volante...
650 _aSistemas Electronicos
_919298
650 _aConmutadores y sistemas electricos
_919299
650 _aSistemas Telefonicos
_919300
942 _2ddc
_cLIBROS
945 _artm